| 000 | 01964cam a22005654i 4500 | ||
|---|---|---|---|
| 003 | PE-LiUPU | ||
| 005 | 20250731170431.0 | ||
| 008 | 150623s r 000 0 d | ||
| 020 | _a0830700404 | ||
| 035 | _a(Sirsi) i9780830700400 | ||
| 040 |
_aPE-LiUPU _bspa _cPE-LiUPU _erda |
||
| 049 | _aPRUA | ||
| 082 | 0 | 4 |
_a170 _bR55 _221 |
| 100 | 1 |
_aRidenour, Fritz, _eautor. |
|
| 245 | 1 | 4 |
_aThe other side of morality / _cFritz Ridenour. |
| 264 | 1 |
_aCalifornia, CA : _bRegal Books Division, G/L Publications, _c1969. |
|
| 300 |
_a234 páginas : _bilustraciones, gráficos ; _c18 centímetros |
||
| 336 |
_atext _2rdacontent |
||
| 337 |
_aunmediated _2rdamedia |
||
| 338 |
_avolume _2rdacarrier |
||
| 505 | 0 | _aIs morality making its last stand?. -Those "sticky" situations. -Weak link in the chain?. -Situation ethics: Christian or ???. -How can you know it's really love?. -Anything goes?. -Puritans, playboys and prophets. -Is it worth it to wait?. -One plus one equals one. -What if it doesn't work out?. -What the world needs now is.. -Hail to the new morality!. | |
| 526 | _aSEG68 | ||
| 526 | _aSEG70 | ||
| 526 | _aSEG69 | ||
| 526 | _aSEG67 | ||
| 526 | _aSEG43 | ||
| 526 | _aP144 | ||
| 526 | _aP143 | ||
| 526 | _aP131 | ||
| 526 | _aP122 | ||
| 526 | _aP120 | ||
| 526 | _aP117 | ||
| 526 | _aP112 | ||
| 526 | _aP110 | ||
| 526 | _aP106 | ||
| 526 | _aP101 | ||
| 526 | _aP80 | ||
| 526 | _aP59 | ||
| 526 | _aP54 | ||
| 526 | _aP35 | ||
| 526 | _aP33 | ||
| 526 | _aP30 | ||
| 650 | 0 | 4 | _aEtica. |
| 942 |
_2ddc _cBOOK |
||
| 949 |
_a170 R55 _wDEWEY _c1 _i52200 _lCCODEBUL1 _mBUL _p5.00 _r0 _sY _tBOOK _u2015-6-24 _xTEOLOGIA _PP35 _0COMPRA _o.STAFF. Colección General |
||
| 994 |
_aC0 _bPEPRU |
||
| 596 | _a1 | ||
| 999 |
_a170 R55 _wDEWEY _c34011 _i52200 _f2021-11-9 _g5 _lCCODEBUL1 _mBUL _p5.00 _r0 _sY _tBOOK _u2015-6-24 _xTEOLOGIA _PP35 _0COMPRA _o.STAFF. Colección General _d34011 |
||
| 980 |
_81 _gALBERTO SANCHEZ Responsable de Automatización |
||